The doomsday conspiracy (Record no. 90397)

MARC details
000 -LEADER
fixed length control field 00510nam a2200193Ia 4500
008 - FIXED-LENGTH DATA ELEMENTS--GENERAL INFORMATION
fixed length control field 230125s9999 xx 000 0 und d
020 ## - INTERNATIONAL STANDARD BOOK NUMBER
International Standard Book Number 0-00-768356-1
041 ## - LANGUAGE CODE
Language code of text/sound track or separate title eng
082 ## - DEWEY DECIMAL CLASSIFICATION NUMBER
Classification number 823
Item number SHE
100 ## - MAIN ENTRY--PERSONAL NAME
Personal name Sheldon S
9 (RLIN) 113324
245 ## - TITLE STATEMENT
Title The doomsday conspiracy
260 ## - PUBLICATION, DISTRIBUTION, ETC. (IMPRINT)
Date of publication, distribution, etc. 2003
Name of publisher, distributor, etc. Harper Collins Publishers
Place of publication, distribution, etc. London
300 ## - PHYSICAL DESCRIPTION
Extent 442p
500 ## - GENERAL NOTE
Keywords Literature;Novels;English Literature
650 ## - SUBJECT ADDED ENTRY--TOPICAL TERM
Topical term or geographic name as entry element English Literature
700 ## - ADDED ENTRY--PERSONAL NAME
Personal name Sheldon S
9 (RLIN) 113324
906 ## - LOCAL DATA ELEMENT F, LDF (RLIN)
b 19
Holdings
Withdrawn status Lost status Damaged status Not for loan Home library Current library Date acquired Vendor Cost, normal purchase price Bill number Total Checkouts Full call number Barcode Date last seen Cost, replacement price Bill Date Koha item type Original Barcode
        Smt. Hiraben Nanavati Institute of Management & Research for Women Smt. Hiraben Nanavati Institute of Management & Research for Women 06/09/2004 Crossword 195.00 04I004   823 SHE B04053 HIMR-BK-4053 25/01/2023 176.00 01/09/2004 Books B04053